| 000 | 02503nam0a2200445 4500 | ||
|---|---|---|---|
| 001 | RU\NLR\BIBL_A\022671061 | ||
| 005 | 20260420060432.0 | ||
| 010 | _a978-5-6052518-5-9 | ||
| 021 |
_aRU _bАЛ-П-25-00670и _9АЛ-П-25-0140 |
||
| 035 | _a(NLR Aleph) 022671061 | ||
| 090 |
_a13686231 _c13686231 |
||
| 100 | _a20251121d2024 u y0rusy50 ca | ||
| 101 | 0 |
_arus _aeng |
|
| 102 | _aRU | ||
| 105 | _aa z 000zy | ||
| 181 | 0 |
_ai1 _baxxe |
|
| 181 | 0 |
_ab3 _bxb2e |
|
| 182 | 0 | _an | |
| 200 | 1 |
_aМО+МА. Волшебная гора _dМО+МА. The magic mountain _e[объединение художников Олега и Алексея Медведевых _eиздание приурочено к выставке, 21 ноября - 15 декабря 2024, Галерея "Триумф" _fтекст: Артур Князев _gперевод Фёдор Михлаюк] |
|
| 203 |
_aТекст _aИзображение _bвизуальные _cнепосредственные |
||
| 210 |
_aМосква _cTriumph gallery _d2024 |
||
| 215 |
_a45, [7] c. _cцв. ил. _d24 |
||
| 300 | _aТекст парал. на рус. и англ. яз. | ||
| 510 | 1 |
_aМО+МА. The magic mountain _zeng |
|
| 600 | 1 |
_aМедведев _bА. _f1988 _gАлексей _xВыставки _yМосква, город _z2024 _92696977 _3RU\NLR\AUTH\6601766336 |
|
| 600 | 1 |
_aМедведев _bО. _f1988 _gОлег _xВыставки _yМосква, город _z2024 _92696976 _3RU\NLR\AUTH\6601766335 |
|
| 601 | 0 | 2 |
_aТриумф, галерея _cМосква, город _xВыставки _z2024 _92640891 _3RU\NLR\AUTH\6601745481 |
| 686 | 1 | _aЩ101.3(2Р)-2Москва2Триумф, галерея л61 | |
| 686 | 1 | _aЩ103(2Р=Рус)8-8Медведев А. л62 | |
| 686 | 1 | _aЩ103(2Р=Рус)8-8Медведев О. л62 | |
| 702 | 1 |
_aКнязев _bА. _gАртур _4570 |
|
| 702 | 1 |
_4570 _7ca _8rus _aМедведев _bА. _cхудожник, журналист _f1988- _gАлексей _92696307 _3RU\NLR\AUTH\770289713 |
|
| 702 | 1 |
_4570 _7ca _8rus _aМедведев _bО. _cхудожник, журналист _f1988- _gОлег _92696309 _3RU\NLR\AUTH\770289715 |
|
| 711 | 1 | 2 |
_a"МО+МА. Волшебная гора", выставка _eМосква _f2024 _92687867 _3RU\NLR\AUTH\880635626 |
| 942 | _cBOOK | ||
| 980 | _aNB | ||